| 000 | 01157cam a2200217 4500 | ||
|---|---|---|---|
| 001 | ABS66315 | ||
| 008 | 030129n2002 000 0 eng u | ||
| 035 | _a(Sirsi) u121169 | ||
| 245 | _aPossession or use and occupation? The employer's rights | ||
| 260 | _c2002 | ||
| 490 |
_aScottish Construction Law Review _v (7) December 2002, 1-2(2) |
||
| 520 | _aDiscusses "Impresa Castelli SPA v Cola Holdings Ltd" (TCC [2002] CILL 1904) and "Skanska Construction Regions Ltd V Anglo-Amsterdam Corporation Ltd" (TCC Abs66313), which deal with the issue that the generally accepted principle, insofar as possession by an employer is concerned, is that liquidated damages willl cease to apply from the date of possession, unless the contract provides otherwise. | ||
| 590 | _aABS | ||
| 650 | _aJCT STANDARD FORMS OF BUILDING CONTRACT | ||
| 650 | _aIMPRESA CASTELLI SPA V COLA HOLDINGS LTD | ||
| 650 | _aSKANSKA CONSTRUCTION (REGIONS) LTD V ANGLO-AMSTERDAM CORPORATION LTD | ||
| 650 | _aASCERTAINED DAMAGES | ||
| 650 | _aLIQUIDATED DAMAGES | ||
| 690 | _aMANGEMENT-DISPUTE AVOIDANCE, MANAGEMENT AND RESOLUTION-DISPUTE MANAGEMENT AND RESOLUTION | ||
| 942 | _n0 | ||
| 999 |
_c71997 _d71997 |
||